Význam nového souboru mezinárodních standardů účetního výkaznictví IFRS pro malé a střední podniky

Význam súboru medzinárodných štandardov účtovného výkazníctva pre širšie zapojenie MSP do globálneho businessu. Charakteristika jeho obsahu. Popis podstatných zjednodušení, ktoré prináša oproti úplnému súboru IFRS.

Guardado en:
Detalles Bibliográficos
Autor principal: Blechová, Beáta
Formato: Capítulo de libro
Lenguaje:checo
Materias:
Etiquetas: Agregar Etiqueta
Sin Etiquetas, Sea el primero en etiquetar este registro!

MARC

LEADER 00000naa a2200000 4500
001 0126613
005 20231128130831.7
041 0 |a cze 
044 |a CZ 
245 1 0 |a Význam nového souboru mezinárodních standardů účetního výkaznictví IFRS pro malé a střední podniky  |c Beáta Blechová 
520 |a Význam súboru medzinárodných štandardov účtovného výkazníctva pre širšie zapojenie MSP do globálneho businessu. Charakteristika jeho obsahu. Popis podstatných zjednodušení, ktoré prináša oproti úplnému súboru IFRS. 
610 2 0 |a štandardy účtovné medzinárodné 
610 2 0 |a Česko 
610 2 0 |a podnik malý 
610 2 0 |a podnik stredný 
610 2 0 |a výkazy účtovné 
610 2 0 |a reporting 
610 2 0 |a podnikanie 
100 1 |a Blechová, Beáta